| 000 | 00891nam a22002417a 4500 | ||
|---|---|---|---|
| 008 | 130821s2008 ag gr spa | ||
| 020 | _a9789876290234 | ||
| 040 |
_aCo-BoUCM _bspa |
||
| 041 | 0 | 0 | _aspa |
| 110 | 2 |
_aCentro de Estudios Legales y Sociales. CELS _9167243 |
|
| 245 | 1 | 3 |
_aLitigio estratégico y derechos humanos La lucha por el derecho _cCentro de Estudios Legales y Sociales. CELS |
| 246 | 1 | 0 | _aLa lucha por el derecho |
| 260 |
_aBuenos Aires (Argentina) _bSiglo Veintiuno Editores _c2008 |
||
| 300 | _a271 páginas | ||
| 504 | _aIncluye índice temático. | ||
| 650 | 0 | 4 |
_aAcción y defensa (Derecho) _98357 |
| 650 | 0 | 4 |
_aAdministración de justicia _98543 |
| 650 | 0 | 4 |
_aDerecho internacional _912776 |
| 650 | 0 | 4 |
_aDerechos civiles _912857 |
| 650 | 0 | 4 |
_aDerechos humanos _97499 |
| 942 |
_cLIBRO _a8 _e1 _mC397L _2DEWEY _h341.481 |
||
| 999 |
_c68758 _d68758 |
||